Political theory : (Record no. 1268)
[ view plain ]
| 000 -LEADER | |
|---|---|
| fixed length control field | 00510cam a2200193ua 4500 |
| 008 - FIXED-LENGTH DATA ELEMENTS--GENERAL INFORMATION | |
| fixed length control field | 110707n ii |||gr||||Z||||||eng |
| 020 ## - INTERNATIONAL STANDARD BOOK NUMBER | |
| International Standard Book Number | 81-219-0664-4 |
| 040 ## - CATALOGING SOURCE | |
| Transcribing agency | MAIN |
| 082 ## - DEWEY DECIMAL CLASSIFICATION NUMBER | |
| Classification number | 320.5 |
| 100 1# - MAIN ENTRY--PERSONAL NAME | |
| Personal name | Agarwal, R. C., |
| Relator term | |
| 245 1# - TITLE STATEMENT | |
| Title | Political theory : |
| Remainder of title | Principles of political science / |
| Statement of responsibility, etc. | By R. Agarwal |
| 250 ## - EDITION STATEMENT | |
| Edition statement | 7th. |
| 260 ## - PUBLICATION, DISTRIBUTION, ETC. | |
| Place of publication, distribution, etc. | Ne Delhi: |
| Name of publisher, distributor, etc. | S. Chand & company,996. |
| 300 ## - PHYSICAL DESCRIPTION | |
| Extent | 558p: |
| Dimensions | 23cm. |
| 942 ## - ADDED ENTRY ELEMENTS (KOHA) | |
| Koha item type | Books |
| 653 ## - INDEX TERM--UNCONTROLLED | |
| Uncontrolled term | Political Science |
| 653 ## - INDEX TERM--UNCONTROLLED | |
| Uncontrolled term | Political theory |
| Withdrawn status | Lost status | Damaged status | Not for loan | Home library | Current library | Shelving location | Date acquired | Total Checkouts | Full call number | Barcode | Date last seen | Copy number | Price effective from | Koha item type |
|---|---|---|---|---|---|---|---|---|---|---|---|---|---|---|
| Naharkatiya College Library | Naharkatiya College Library | General Stacks | 19/09/2020 | 320.5 | AGA | 20061 | 19/09/2020 | 1 | 19/09/2020 | Books |
